All Cities on a Map by Letter - I - Statistics

General Stats
  • This quiz has been taken 11 times
  • The average score is 44 of 934
Answers on the Map
Answers color-coded by a green-red scale on the quiz's map according to % correct below.
 
Answer Stats
Country City population City % Correct
India 41556 Indi
80%
United States 14170 Indiana
80%
United States 1740984 Indianapolis
80%
Austria 130585 Innsbruck
80%
Mexico 43349 Isla
80%
Russia 623736 Irkutsk
70%
Turkey 14441000 Istanbul
70%
Slovenia 2240 Ig
60%
Germany 142308 Ingolstadt
60%
Australia 232930 Ipswich
60%
United Kingdom 151562 Ipswich
60%
United States 13820 Ipswich
60%
Pakistan 1014825 Islamabad
60%
India 108505 Islāmābād
60%
United States 31792 Ithaca
60%
Turkey 2965900 İzmir
60%
Philippines 55581 Iba
50%
Nigeria 3552000 Ibadan
50%
United States 105575 Inglewood
50%
New Zealand 47625 Invercargill
50%
Canada 7740 Iqaluit
50%
Peru 377609 Iquitos
50%
United States 308160 Irvine
50%
United Kingdom 33698 Irvine
50%
United States 255036 Irving
50%
Japan 24131 Isa
50%
Japan 122432 Ise
50%
Germany 92404 Iserlohn
50%
Algeria 32580 Isser
50%
Romania 271692 Iaşi
40%
Yemen 234837 Ibb
40%
Yemen 221472 Ibb
40%
Peru 282407 Ica
40%
Nigeria 79815 Idah
40%
Finland 9766 Ii
40%
Korea, South 2936117 Incheon
40%
India 1994397 Indore
40%
Japan 20750 Ino
40%
United Kingdom 47380 Inverness
40%
Canada 17235 Inverness
40%
Paraguay 81084 Itá
40%
France 64526 Ivry-sur-Seine
40%
Spain 24210 Ibi
30%
Spain 53717 Ibiza
30%
Japan 492749 Ichikawa
30%
Japan 11023 Ichikawa
30%
United States 111295 Idaho Falls
30%
Syria 165000 Idlib
30%
Peru 66118 Ilo
30%
Italy 69121 Imola
30%
India 264986 Imphāl
30%
United States 371926 Indio
30%
United States 35772 Inver Grove Heights
30%
France 67695 Issy-les-Moulineaux
30%
Japan 63343 Itō
30%
Brazil 167095 Itu
30%
Colombia 546003 Ibagué
20%
Ecuador 131856 Ibarra
20%
Germany 52688 Ibbenbüren
20%
Brazil 133044 Ibirité
20%
Japan 85883 Iga
20%
Nigeria 1099931 Ikare
20%
Colombia 8701 Iles
20%
Germany 18578 Illertissen
20%
Germany 39147 Ilmenau
20%
Nigeria 847582 Ilorin
20%
Brazil 273110 Imperatriz
20%
Italy 42060 Imperia
20%
United States 20943 Imperial
20%
United States 25897 Imperial Beach
20%
Japan 65670 Ina
20%
Benin 16558 Ina
20%
United States 121944 Independence
20%
United States 29024 Independence
20%
United States 10088 Independence
20%
United States 41146 Indian Trail
20%
Brazil 18144 Ingá
20%
United States 25602 Inkster
20%
Poland 69576 Inowrocław
20%
Greece 64896 Ioánnina
20%
United States 129897 Iowa City
20%
Brazil 227731 Ipatinga
20%
Malaysia 866772 Ipoh
20%
Chile 188003 Iquique
20%
Mexico 592953 Irapuato
20%
Jordan 569068 Irbid
20%
Spain 63656 Irún
20%
Philippines 46781 Isabel
20%
Nigeria 236000 Iseyin
20%
Russia 67614 Ishim
20%
Russia 64041 Ishimbay
20%
Turkey 251682 İskenderun
20%
United Kingdom 206125 Islington
20%
Egypt 429465 Ismailia
20%
Turkey 247580 Isparta
20%
United States 39472 Issaquah
20%
Brazil 224267 Itaboraí
20%
Brazil 186708 Itabuna
20%
Colombia 276744 Itagüí
20%
Brazil 264054 Itajaí
20%
Brazil 10341 Itapé
20%
Brazil 157016 Itapetininga
20%
Brazil 223404 Itapevi
20%
Germany 32319 Itzehoe
20%
Ukraine 238196 Ivano-Frankivsk
20%
Russia 361644 Ivanovo
20%
Japan 336111 Iwaki
20%
Mexico 542211 Ixtapaluca
20%
Russia 55996 Izberbash
20%
Russia 618776 Izhevsk
20%
Japan 38236 Ibara
10%
Japan 283835 Ibaraki
10%
Japan 31278 Ibaraki
10%
Oman 35000 Ibrā’
10%
Japan 378108 Ichinomiya
10%
Japan 11622 Ichinomiya
10%
Japan 111824 Ichinoseki
10%
Brazil 62521 Icó
10%
Germany 25709 Idstein
10%
Japan 96642 Iida
10%
Japan 9038 Iijima
10%
Finland 20618 Iisalmi
10%
Netherlands 48320 IJmuiden
10%
Japan 24873 Iki
10%
United Kingdom 168168 Ilford
10%
Brazil 157639 Ilhéus
10%
United Kingdom 40953 Ilkeston
10%
Finland 12369 Ilmajoki
10%
Philippines 574000 Iloilo
10%
Japan 152111 Imabari
10%
India 10714 Īmani
10%
Finland 24919 Imatra
10%
Austria 10504 Imst
10%
Japan 29571 Inagawa
10%
Japan 93394 Inagi
10%
Spain 35654 Inca
10%
Brazil 256223 Indaiatuba
10%
United States 15918 Indianola
10%
United States 9360 Indianola
10%
Russia 10 Indiga
10%
Germany 36390 Ingelheim
10%
Australia 4334 Ingham
10%
United States 8559 Innsbrook
10%
Russia 16293 Inza
10%
Colombia 32582 Inzá
10%
Japan 103084 Inzai
10%
Nigeria 32336 Ire
10%
United States 50438 Irondequoit
10%
Ukraine 65167 Irpin
10%
Japan 145303 Iruma
10%
Japan 131467 Isahaya
10%
Japan 48258 Ishigaki
10%
Japan 58284 Ishikari
10%
Japan 14222 Ishikawa
10%
United States 338784 Islip
10%
Brazil 21046 Itapecerica
10%
Brazil 10279 Itapitanga
10%
Brazil 375011 Itaquaquecetuba
10%
United States 9525 Itasca
10%
Kenya 42312 Iten
10%
Japan 40200 Itoigawa
10%
Russia 9552 Ivangorod
10%
Japan 79361 Iwamizawa
10%
Japan 11982 Iwanai
10%
Japan 165688 Iwata
10%
Nigeria 191377 Iwo
10%
Japan 34927 Iyo
10%
Japan 28493 Izu
10%
Japan 51450 Izumi
10%
Japan 99328 Izumisano
10%
Japan 171995 Izumo
10%
Japan 46212 Izunokuni
10%
Brazil 11858 Iacanga
0%
Brazil 10584 Iaciara
0%
Brazil 24607 Iaçu
0%
Madagascar 14547 Iakora
0%
Moldova 12515 Ialoveni
0%
Greece 12717 Ialysós
0%
Madagascar 15000 Ianantsony
0%
Madagascar 10000 Ianapera
0%
Romania 8969 Ianca
0%
Brazil 12030 Iapu
0%
Madagascar 9000 Iara
0%
Madagascar 12000 Iarinarivo
0%
Madagascar 22000 Iarintsena
0%
India 9238 Iarpur
0%
Brazil 17165 Iati
0%
India 9414 Iāwar
0%
Morocco 11131 Iazizatene
0%
Philippines 58507 Ibaan
0%
Brazil 28830 Ibaiti
0%
Philippines 52364 Ibajay
0%
Uganda 31316 Ibanda
0%
Brazil 11956 Ibaretama
0%
Brazil 32178 Ibaté
0%
Brazil 13731 Ibateguara
0%
Brazil 19210 Ibatiba
0%
Brazil 22229 Ibiá
0%
Brazil 25082 Ibiapina
0%
Brazil 10429 Ibiassucê
0%
Brazil 21665 Ibicaraí
0%
Brazil 20785 Ibicoara
0%
Brazil 13934 Ibicuí
0%
Brazil 11611 Ibicuitinga
0%
Argentina 12077 Ibicuy
0%
Japan 19519 Ibigawa
0%
Brazil 24340 Ibimirim
0%
Brazil 16603 Ibipeba
0%
Brazil 27390 Ibipetuba
0%
Brazil 13863 Ibipitanga
0%
Brazil 55131 Ibiporã
0%
Brazil 11690 Ibirá
0%
Brazil 10948 Ibiraci
0%
Brazil 12591 Ibiraçu
0%
Brazil 19862 Ibirama
0%
Brazil 22177 Ibirapitanga
0%
Brazil 8896 Ibirapuã
0%
Brazil 18792 Ibirataia
0%
Brazil 21583 Ibirubá
0%
Brazil 16699 Ibitiara
0%
Brazil 60600 Ibitinga
0%
Brazil 8957 Ibitirama
0%
Brazil 16969 Ibititá
0%
Brazil 76432 Ibiúna
0%
Brazil 26309 Ibotirama
0%
India 17345 Ibrāhīmpatan
0%
India 29432 Ibrāhīmpatnam
0%
Egypt 86186 Ibshawāy
0%
Japan 38571 Ibusuki
0%
Brazil 21433 Icapuí
0%
Brazil 57247 Içara
0%
Brazil 8991 Icaraíma
0%
Brazil 24794 Icatu
0%
India 287570 Ichalkaranji
0%
India 36493 Ichchāpuram
0%
Germany 9403 Ichenhausen
0%
India 11528 Ichhāpur
0%
Japan 268038 Ichihara
0%
Japan 11205 Ichikai
0%
Japan 14458 Ichikawamisato
0%
Japan 27080 Ichikikushikino
0%
Japan 11296 Ichinohe
0%
Ukraine 10390 Ichnia
0%
Korea, South 209003 Ich’ŏn
0%
India 12358 Ichora
0%
Belgium 13939 Ichtegem
0%
United Kingdom 10387 Ickenham
0%
Spain 24285 Icod de los Vinos
0%
Brazil 11481 Iconha
0%
Colombia 10801 Icononzo
0%
Pakistan 22724 Idak
0%
India 39118 Idangansālai
0%
Portugal 9716 Idanha-a-Nova
0%
Nigeria 129795 Idanre
0%
India 64435 Idappādi
0%
India 295971 Idar
0%
Egypt 133772 Idfū
0%
West Bank 26009 Idhnā
0%
Benin 26882 Idigny
0%
Turkey 30271 İdil
0%
Congo (Kinshasa) 61056 Idiofa
0%
Egypt 105875 Idkū
0%
Libya 5000 Idrī
0%
Slovenia 5848 Idrija
0%
India 21724 Idukki
0%
India 9449 Idumbāvanam
0%
India 8764 Īdupugallu
0%
United States 17469 Idylwood
0%
Brazil 11615 Ielmo Marinho
0%
Belgium 35039 Ieper
0%
Greece 12355 Ierápetra
0%
Italy 39137 Iesi
0%
Italy 26558 Iesolo
0%
Tanzania 205843 Ifakara
0%
Madagascar 15681 Ifanadiana
0%
Benin 113749 Ifanhim
0%
Madagascar 19000 Ifanirea
0%
Madagascar 10000 Ifarantsa
0%
Madagascar 15000 Ifatsy
0%
Algeria 12460 Iferhounene
0%
United Kingdom 8882 Ifield
0%
Algeria 9160 Ifigha
0%
Algeria 14311 Iflissen
0%
Morocco 11209 Ifrane
0%
France 11868 Ifs
0%
Brazil 25613 Igaci
0%
Benin 8735 Igana
0%
Uganda 53870 Iganga
0%
Brazil 15527 Igaporã
0%
Brazil 24451 Igaraçu do Tietê
0%
Brazil 29727 Igarapava
0%
Brazil 45847 Igarapé
0%
Brazil 35797 Igarapé-Açu
0%
Brazil 10231 Igarapé Grande
0%
Brazil 64831 Igarapé-Miri
0%
Brazil 115196 Igarassu
0%
Brazil 9349 Igaratá
0%
Brazil 10830 Igaratinga
0%
Russia 3559 Igarka
0%
Nigeria 30500 Igbanke
0%
Philippines 32197 Igbaras
0%
Nigeria 400000 Igboho
0%
Turkey 101700 Iğdır
0%
Algeria 16878 Ighram
0%
Morocco 13727 Ighrem n’Ougdal
0%
Italy 25093 Iglesias
0%
Russia 16811 Iglino
0%
Mexico 17370 Ignacio de la Llave
0%
Lithuania 4998 Ignalina
0%
France 10571 Igny
0%
Brazil 13151 Igrapiúna
0%
Cabo Verde 2000 Igreja
0%
Brazil 21372 Igreja Nova
0%
Brazil 32808 Igrejinha
0%
Russia 9545 Igrim
0%
Brazil 27920 Iguaba Grande
0%
Brazil 40000 Iguaçu
0%
Brazil 21491 Iguaí
0%
Spain 41466 Igualada
0%
Mexico 118468 Iguala de la Independencia
0%
Brazil 30989 Iguape
0%
Brazil 12247 Iguaraci
0%
Brazil 13617 Iguatemi
0%
Brazil 103074 Iguatu
0%
Philippines 30060 Iguig
0%
Morocco 15667 Ihaddadene
0%
Madagascar 15000 Iharan̈a
0%
Morocco 14345 Iheddadene
0%
Egypt 40001 Ihnāsyā al Madīnah
0%
Madagascar 13000 Ihorombe
0%
Madagascar 39556 Ihosy
0%
Bulgaria 13617 Ihtiman
0%
Tanzania 11490 Ihumwa
0%
Japan 10954 Iioka
0%
Japan 19279 Iiyama
0%
Japan 126136 Iizuka
0%
Japan 10134 Iizuna
0%
Nigeria 394246 Ijebu-Ode
0%
Armenia 19200 Ijevan
0%
India 14745 Ijra
0%
Netherlands 33819 IJsselstein
0%
Nigeria 50000 Iju
0%
Brazil 78461 Ijuí
0%
Madagascar 35114 Ikalamavony
0%
Japan 27330 Ikaruga
0%
Denmark 16215 Ikast
0%
Japan 104148 Ikeda
0%
Japan 23310 Ikeda
0%
Japan 9292 Ikeda
0%
Nigeria 861300 Ikeja
0%
Congo (Kinshasa) 291 Ikela
0%
India 11301 Ikhlāspur
0%
Turkey 13276 İkizce
0%
India 11109 Ikkādu
0%
India 9645 Ikkarai Boluvāmpatti
0%
Malta 3130 Iklin
0%
India 8803 Iklod
0%
Morocco 13672 Ikniwn
0%
Nigeria 79103 Ikom
0%
Japan 116518 Ikoma
0%
Madagascar 36684 Ikongo
0%
Nigeria 34911 Ikot Abasi
0%
Nigeria 143077 Ikot Ekpene
0%
South Sudan 30000 Ikoto
0%
Nigeria 50000 Ikot Okoro
0%
Korea, South 270758 Iksan
0%
Madagascar 13000 Ilafy
0%
Philippines 158218 Ilagan
0%
India 25233 Ilaiyānkudi
0%
Madagascar 17120 Ilaka Atsinanana
0%
Madagascar 17000 Ilakatra
0%
Nepal 17491 Īlām
0%
Iran 194000 Īlām
0%
Mexico 13474 Ilamatlán
0%
India 9496 Ilāmi
0%
India 14011 Ilampillai
0%
Russia 15945 Ilanskiy
0%
Ukraine 8610 Ilarionove
0%
Peru 28483 Ilave
0%
Poland 32664 Iława
0%
United States 27552 Ilchester
0%
Congo (Kinshasa) 107093 Ilebo
0%
Nigeria 501952 Ile-Ife
0%
Nigeria 384334 Ilesa
0%
United Kingdom 11035 Ilfracombe
0%
Turkey 53489 Ilgın
0%
Brazil 34934 Ilhabela
0%
Mozambique 14000 Ilha de Moçambique
0%
Brazil 26344 Ilha Solteira
0%
Portugal 31383 Ílhavo
0%
Brazil 17046 Ilhota
0%
Mexico 10039 Iliatenco
0%
Turkey 10754 Ilıcaköy
0%
Brazil 12741 Ilicínia
0%
Bosnia and Herzegovina 66730 Ilidža
0%
Philippines 363115 Iligan
0%
Bosnia and Herzegovina 19603 Ilijaš
0%
North Macedonia 16000 Ilinden
0%
India 53543 Ilindu Kothi
0%
Greece 84004 Ílion
0%
Greece 76730 Ilioúpoli
0%
Slovenia 4323 Ilirska Bistrica
0%
India 68534 Ilkal
0%
Iran 16574 Īlkhchī
0%
Iran 16574 Īlkhechī
0%
United Kingdom 14809 Ilkley
0%
Chile 20751 Illapel
0%
Spain 30553 Illescas
0%
Algeria 24965 Illiltene
0%
Germany 15987 Illingen
0%
Ukraine 11095 Illintsi
0%
Algeria 17252 Illizi
0%
France 27339 Illkirch-Graffenstaden
0%
France 15115 Illzach
0%
El Salvador 61510 Ilobasco
0%
Nigeria 118097 Ilobu
0%
Philippines 59855 Ilog
0%
El Salvador 142979 Ilopango
0%
Ukraine 15395 Ilovaisk
0%
Russia 97 Il’pyrskiy
0%
Germany 22080 Ilsede
0%
Germany 9435 Ilsenburg
0%
Germany 9851 Ilsfeld
0%
Greenland 4737 Ilulissat
0%
India 16719 Iluppur
0%
Germany 9280 Ilvesheim
0%
Brazil 11848 Imaculada
0%
Turkey 27037 İmamoğlu
0%
Iraq 81500 Imam Qasim
0%
Afghanistan 12655 Imām Şāḩib
0%
Madagascar 15000 Imanombo
0%
Japan 51875 Imarichō-kō
0%
Brazil 11881 Imaruí
0%
Burkina Faso 12031 Imassogo
0%
Philippines 37111 Imbatug
0%
Brazil 14249 Imbaú
0%
Dominican Republic 22058 Imbert
0%
Brazil 35700 Imbituba
0%
Brazil 29924 Imbituva
0%
Malta 292 Imdina
0%
Kyrgyzstan 10895 Imeni Chapayeva
0%
Madagascar 15195 Imerimandroso
0%
Madagascar 69953 Imerintsiatosika
0%
Malta 3629 Imġarr
0%
Cuba 9699 Imías
0%
Poland 9313 Imielin
0%
Morocco 9164 Imilchil
0%
Morocco 10365 Imi Mokorn
0%
Morocco 19734 Imi n’Oulaoun
0%
Morocco 25049 Imi-n-Tanout
0%
Azerbaijan 31310 İmişli
0%
Madagascar 28000 Imito
0%
Japan 90201 Imizuchō
0%
Morocco 9796 Imlil
0%
Germany 14622 Immenstadt im Allgäu
0%
United Kingdom 9769 Immingham
0%
United States 25624 Immokalee
0%
Croatia 9153 Imotski
0%
Morocco 11555 Imouzzer Kandar
0%
Philippines 53863 Impasugong
0%
Congo (Brazzaville) 33911 Impfondo
0%
Italy 14379 Impruneta
0%
Malta 3315 Imqabba
0%
Malta 8545 Imsida
0%
Malta 2572 Imtarfa
0%
Philippines 496794 Imus
0%
Morocco 34848 Imzouren
0%
Philippines 48534 Inabanga
0%
Japan 43114 Inabe
0%
Brazil 9670 Inácio Martins
0%
Brazil 13280 Inajá
0%
Algeria 9225 I-n-Amenas
0%
Algeria 4208 I-n-Amguel
0%
Japan 30148 Inami
0%
Japan 9972 Inami
0%
Madagascar 16000 Inanantonana
0%
Japan 38853 Inashiki
0%
Japan 13403 Inawashiro
0%
Japan 134938 Inazawa
0%
United Kingdom 15664 Ince-in-Makerfield
0%
Turkey 29120 İncesu
0%
Turkey 55848 İncirliova
0%
United States 9152 Incline Village
0%
Brazil 71549 Indaial
0%
India 10263 Indalvai
0%
Philippines 93168 Indanan
0%
Philippines 68699 Indang
0%
India 19268 Indargarh
0%
Burma 10706 Indaw
0%
Bolivia 23658 Independencia
0%
Brazil 24024 Independência
0%
United States 10217 Independent Hill
0%
Kazakhstan 13254 Īnderbor
0%
United States 8991 Indian Harbour Beach
0%
Brazil 16549 Indiaroba
0%
Serbia 47433 Inđija
0%
Indonesia 122400 Indramayu
0%
Italy 10245 Induno Olona
0%
India 9816 Indūrti
0%
India 8693 Indūrti
0%
South Africa 20000 Indwe
0%
Turkey 10594 İnebolu
0%
Turkey 294485 İnegöl
0%
Mali 8714 Inékar
0%
Romania 8807 Ineu
0%
Morocco 137512 Inezgane
0%
Philippines 76186 Infanta
0%
Philippines 26242 Infanta
0%
Burma 190412 Ingabu
0%
Belgium 10928 Ingelmunster
0%
Switzerland 8912 Ingenbohl
0%
Argentina 6453 Ingeniero Guillermo N. Juárez
0%
Argentina 6261 Ingeniero Jacobacci
0%
Argentina 12482 Ingeniero Maschwitz
0%
Argentina 38470 Ingeniero Pablo Nogués
0%
Argentina 10486 Ingeniero White
0%
Spain 32747 Ingenio
0%
Canada 13693 Ingersoll
0%
Uzbekistan 9676 Ingichka
0%
United States 9861 Ingleside
0%
India 300088 Ingrāj Bāzār
0%
France 9838 Ingré
0%
Algeria 7045 In Guezzam
0%
India 11522 Ingurti
0%
Mozambique 63837 Inhambane
0%
Brazil 33790 Inhambupe
0%
Brazil 10325 Inhangapi
0%
Brazil 18392 Inhapi
0%
Brazil 22692 Inhapim
0%
Mozambique 11297 Inhassoro
0%
Brazil 15319 Inhuma
0%
Brazil 53259 Inhumas
0%
Colombia 20279 Inírida
0%
Nigeria 180533 Inisa
0%
Philippines 33902 Initao
0%
Ethiopia 21065 Injibara
0%
Ukraine 10348 Inkerman
0%
Syria 31258 Inkhil
0%
India 17581 Inkollu
0%
Australia 1091 Innisfail
0%
Canada 43326 Innisfil
0%
India 9461 Inole
0%
Congo (Kinshasa) 45159 Inongo
0%
Philippines 21389 Inopacan
0%
Algeria 32518 I-n-Salah
0%
Russia 19372 Inta
0%
Honduras 56017 Intibucá
0%
Ethiopia 9048 Intich’o
0%
Japan 44928 Inuma
0%
India 9983 Inungūr
0%
Japan 73420 Inuyama
0%
Australia 9654 Inverell
0%
Italy 9218 Inverigo
0%
United Kingdom 10885 Inverurie
0%
United States 11964 Inwood
0%
Italy 11230 Inzago
0%
United States 14290 Iona
0%
United States 12950 Ionia
0%
Georgia 51000 Iormughanlo
0%
United States 11028 Iowa Colony
0%
Brazil 17136 Ipaba
0%
Guatemala 24024 Ipala
0%
Brazil 25548 Ipameri
0%
Brazil 19522 Ipanema
0%
Brazil 14131 Ipanguaçu
0%
Brazil 11575 Ipaporanga
0%
Russia 25682 Ipatovo
0%
Brazil 15069 Ipauçu
0%
Brazil 12083 Ipaumirim
0%
Brazil 13709 Ipecaetá
0%
Nigeria 57000 Ipele
0%
Brazil 33367 Iperó
0%
Nigeria 78412 Iperu
0%
Nigeria 135000 Ipetumodu
0%
Colombia 169864 Ipiales
0%
Brazil 40706 Ipiaú
0%
Philippines 89401 Ipil
0%
Brazil 56876 Ipirá
0%
Brazil 14142 Ipiranga
0%
Brazil 9420 Ipiranga do Piauí
0%
Brazil 24311 Ipixuna
0%
Brazil 97669 Ipojuca
0%
Nigeria 150426 Ipokia
0%
Brazil 35684 Iporá
0%
Brazil 15746 Iporã
0%
India 9892 Ippagūdem
0%
Central African Republic 16571 Ippy
0%
Turkey 26148 İpsala
0%
Brazil 26678 Ipu
0%
Brazil 15567 Ipuã
0%
Brazil 29009 Ipubi
0%
Brazil 36798 Ipueiras
0%
Brazil 9135 Ipuiúna
0%
Brazil 9935 Ipupiara
0%
Colombia 9064 Íquira
0%
Brazil 14001 Iracema
0%
Brazil 21967 Iracemápolis
0%
Brazil 13113 Iraci
0%
French Guiana 1536 Iracoubo
0%
Kyrgyzstan 26200 Iradan
0%
India 9831 Iraiyūr
0%
Greece 9946 Irákleia
0%
Greece 211370 Irákleio
0%
Greece 50494 Irákleio
0%
Brazil 10752 Iramaia
0%
India 19137 Iramala
0%
Brazil 32303 Iranduba
0%
Brazil 10195 Irani
0%
Iran 113750 Īrānshahr
0%
Brazil 23879 Iraquara
0%
Brazil 29173 Irará
0%
Brazil 59250 Irati
0%
Brazil 23915 Irauçuba
0%
Russia 36587 Irbit
0%
Brazil 73524 Irecê
0%
Brazil 10684 Iretama
0%
Chad 33572 Iriba
0%
Serbia 4848 Irig
0%
Philippines 114457 Iriga City
0%
France 8909 Irigny
0%
India 13820 Irikkūr
0%
India 27075 Irimbiliyam
0%
Tanzania 202490 Iringa
0%
India 24318 Iringal
0%
India 51585 Irinjālakuda
0%
Honduras 20730 Iriona
0%
Brazil 30955 Irituia
0%
United Kingdom 19933 Irlam
0%
United States 11799 Irmo
0%
United States 13462 Irondale
0%
United States 8722 Irondale
0%
United States 10585 Ironton
0%
Philippines 59267 Irosin
0%
Ukraine 9163 Irshava
0%
United Kingdom 9311 Irthlingborough
0%
India 24581 Irugūr
0%
India 21111 Irukanni
0%
India 9201 Irungalūr
0%
Brazil 10354 Irupi
0%
India 21256 Iruttarakonam
0%
United States 60334 Irvington
0%
Philippines 64516 Isabela
0%
Puerto Rico 10642 Isabela
0%
Iceland 2620 Ísafjörður
0%
India 13658 Isāgarh
0%
Madagascar 10000 Isahara
0%
Madagascar 11642 Isaka
0%
Madagascar 13000 Isaka-Ivondro
0%
Burundi 5000 Isale
0%
Madagascar 12930 Isalo
0%
Vanuatu 1200 Isangel
0%
Nigeria 200000 Isanlu
0%
India 11642 Isāpur
0%
Hungary 11640 Isaszeg
0%
France 8653 Isbergues
0%
Italy 19598 Ischia
0%
Colombia 8989 Iscuandé
0%
Japan 102088 Isehara
0%
United States 19151 Iselin
0%
Nigeria 8000 Isemi-Ile
0%
Italy 8973 Iseo
0%
Germany 24459 Isernhagen-Süd
0%
Italy 20617 Isernia
0%
Japan 213303 Isesaki
0%
Kyrgyzstan 34219 Isfana
0%
Tajikistan 274000 Isfara
0%
Tajikistan 39590 Isfisor
0%
Uganda 41063 Ishaka
0%
Japan 15951 Ishidoriyachō-eso
0%
Japan 24856 Ishii
0%
Japan 23775 Ishiki
0%
Japan 71851 Ishioka
0%
Japan 138856 Ishizaki
0%
Afghanistan 12120 Ishkāshim
0%
Uzbekistan 16000 Ishtixon Shahri
0%
Argentina 190696 Isidro Casanova
0%
Russia 13600 Isilkul
0%
Uganda 34300 Isingiro
0%
Kenya 45989 Isiolo
0%
Congo (Kinshasa) 182900 Isiro
0%
Uzbekistan 26161 Iskandar
0%
India 11272 Iskapālem
0%
India 13852 Iskapalli
0%
Turkey 17612 İskilip
0%
Russia 57147 Iskitim
0%
Spain 21641 Isla-Cristina
0%
Chile 36219 Isla de Maipo
0%
Turkey 67650 İslahiye
0%
India 54340 Islāmpur
0%
India 39425 Islāmpur
0%
India 15019 Islāmpur
0%
Afghanistan 16408 Islām Qal‘ah
0%
Mexico 12642 Isla Mujeres
0%
Venezuela 12612 Isla Ratón
0%
United States 13717 Isla Vista
0%
India 18909 Ismailpur
0%
Germany 18043 Ismaning
0%
Azerbaijan 20660 İsmayıllı
0%
Egypt 68656 Isnā
0%
India 10000 Isnapuram
0%
Colombia 28530 Isnos
0%
Germany 15190 Isny im Allgäu
0%
Madagascar 17000 Isoanala
0%
Italy 17409 Isola Capo Rizzuto
0%
Italy 11567 Isola della Scala
0%
Italy 10735 Isola del Liri
0%
Italy 10228 Isola Vicentina
0%
Madagascar 15472 Isorana
0%
Italy 16253 Ispica
0%
Turkey 14607 İspir
0%
India 15334 Isrāin Kalān
0%
India 9472 Isrāna
0%
Benin 19732 Issaba
0%
Germany 11260 Isselburg
0%
France 15078 Issoire
0%
France 10953 Issoudun
0%
Germany 12391 Issum
0%
Tajikistan 273500 Istaravshan
0%
Colombia 25981 Istmina
0%
Kosovo 39289 Istog
0%
Russia 34971 Istra
0%
Italy 9114 Istrana
0%
France 44044 Istres
0%
India 9295 Isua
0%
Philippines 97490 Isulan
0%
Japan 35570 Isumi
0%
Brazil 96142 Itabaiana
0%
Brazil 23182 Itabaiana
0%
Brazil 40678 Itabaianinha
0%
Japan 584483 Itabashi
0%
Brazil 28165 Itabela
0%
Brazil 18015 Itaberá
0%
Brazil 65073 Itaberaba
0%
Brazil 44734 Itaberaí
0%
Brazil 113343 Itabira
0%
Brazil 10362 Itabirinha de Mantena
0%
Brazil 37901 Itabirito
0%
Brazil 17208 Itacarambi
0%
Brazil 18120 Itacaré
0%
Brazil 103598 Itacoatiara
0%
Paraguay 10744 Itacurubí de la Cordillera
0%
Brazil 13472 Itaeté
0%
Brazil 13803 Itagi
0%
Brazil 13589 Itaguaçu
0%
Brazil 13846 Itaguara
0%
Nepal 14931 Iṭaharā
0%
Nepal 74501 Īṭahari̇̄
0%
India 16183 Itāhri
0%
Brazil 27382 Itaí
0%
Brazil 32650 Itaíba
0%
Brazil 11551 Itainópolis
0%
Brazil 22051 Itaiópolis
0%
Brazil 10463 Itaipé
0%
Brazil 38325 Itaitinga
0%
Brazil 94750 Itaituba
0%
Brazil 15310 Itajibá
0%
Brazil 16989 Itajobi
0%
Brazil 93073 Itajubá
0%
Brazil 18781 Itajuípe
0%
Japan 27373 Itako
0%
Japan 14039 Itakura
0%
Brazil 14073 Italva
0%
Brazil 26672 Itamaracá
0%
Brazil 64455 Itamaraju
0%
Brazil 32948 Itamarandiba
0%
Brazil 10937 Itamarati
0%
India 11835 Itāmāti
0%
Brazil 21042 Itambacuri
0%
Brazil 24394 Itambé
0%
Japan 197215 Itami
0%
Brazil 10770 Itamogi
0%
Brazil 14786 Itamonte
0%
Madagascar 32000 Itampolo
0%
India 9839 Itamukkala
0%
India 59490 Itānagar
0%
Brazil 103102 Itanhaém
0%
Brazil 15236 Itanhandu
0%
Brazil 17813 Itanhém
0%
Brazil 11128 Itanhomi
0%
Japan 13087 Itano
0%
Brazil 22919 Itaocara
0%
Madagascar 19041 Itaosy
0%
Brazil 21087 Itapaci
0%
Nigeria 42509 Itapa-Ekiti
0%
Brazil 53067 Itapagé
0%
Brazil 13690 Itapagipe
0%
Brazil 19789 Itaparica
0%
Brazil 9174 Itapebi
0%
Brazil 167236 Itapecerica da Serra
0%
Brazil 42772 Itapecuru Mirim
0%
Brazil 67338 Itapema
0%
Brazil 28121 Itapemirim
0%
Brazil 31217 Itaperuçu
0%
Brazil 101041 Itaperuna
0%
Brazil 13492 Itapetim
0%
Brazil 65897 Itapetinga
0%
Brazil 89728 Itapeva
0%
Brazil 9881 Itapeva
0%
Brazil 31679 Itapicuru
0%
Brazil 131123 Itapipoca
0%
Brazil 75234 Itapira
0%
Brazil 16638 Itapiranga
0%
Brazil 10162 Itapiranga
0%
Brazil 27749 Itapissuma
0%
Brazil 17841 Itapiúna
0%
Brazil 39493 Itápolis
0%
Brazil 24137 Itaporã
0%
Brazil 23940 Itaporanga
0%
Brazil 15173 Itaporanga
0%
Brazil 34411 Itaporanga d’Ajuda
0%
Brazil 18382 Itapororoca
0%
Brazil 13328 Itapuí
0%
Brazil 26113 Itapuranga
0%
Brazil 37489 Itaqui
0%
Brazil 16554 Itaquitinga
0%
Brazil 10597 Itarana
0%
Brazil 17052 Itarantim
0%
Brazil 50105 Itararé
0%
Brazil 30347 Itarema
0%
India 10669 Itārhi
0%
Brazil 15528 Itariri
0%
India 99330 Itārsi
0%
Brazil 30908 Itatiaia
0%
Brazil 12966 Itatiaiuçu
0%
Brazil 122581 Itatiba
0%
Brazil 15737 Itatim
0%
Brazil 19738 Itatinga
0%
Brazil 20424 Itatira
0%
Brazil 11016 Itatuba
0%
Brazil 14406 Itaú de Minas
0%
Brazil 10323 Itaueira
0%
Paraguay 100456 Itauguá
0%
Brazil 97669 Itaúna
0%
Japan 12681 Itayanagi
0%
Nigeria 110196 Itele
0%
Tanzania 24000 Itigi
0%
India 9980 Itikalapalle
0%
India 9258 Itiki
0%
Brazil 13745 Itinga
0%
Brazil 12236 Itiquira
0%
Brazil 17160 Itirapina
0%
Brazil 10999 Itiruçu
0%
Brazil 33872 Itiúba
0%
India 15108 Itki Thākurgaon
0%
Philippines 61498 Itogon
0%
Japan 60903 Itoman
0%
Madagascar 12000 Itondy
0%
Brazil 16617 Itororó
0%
Japan 98527 Itoshima
0%
Italy 10357 Itri
0%
South Africa 19959 Itsoseng
0%
Japan 22252 Itsukaichi
0%
India 185008 Ittikara
0%
India 9568 Ittikelakunta
0%
India 16635 Ittiva
0%
Brazil 17914 Ituaçu
0%
Colombia 23784 Ituango
0%
Brazil 21902 Ituberá
0%
Brazil 102217 Ituiutaba
0%
Brazil 107970 Itumbiara
0%
Guyana 676 Ituni
0%
Brazil 62813 Itupeva
0%
Brazil 49655 Itupiranga
0%
Brazil 26525 Ituporanga
0%
Brazil 38295 Iturama
0%
Argentina 129510 Ituzaingó
0%
Argentina 19575 Ituzaingó
0%
Morocco 10513 Itzer
0%
Brazil 11118 Iuiú
0%
Brazil 28590 Iúna
0%
Brazil 13229 Ivaí
0%
Brazil 32720 Ivaiporã
0%
Belarus 16172 Ivanava
0%
Czechia 9971 Ivančice
0%
Slovenia 2205 Ivančna Gorica
0%
Madagascar 9000 Ivandrika
0%
Croatia 12723 Ivanec
0%
Australia 162 Ivanhoe
0%
Croatia 12982 Ivanić-Grad
0%
Serbia 27767 Ivanjica
0%
Ukraine 10563 Ivankiv
0%
Kyrgyzstan 17513 Ivanovka
0%
Madagascar 22745 Ivato
0%
Belarus 22377 Ivatsevichy
0%
Russia 14041 Ivdel
0%
United Kingdom 11688 Iver
0%
United States 26154 Ives Estates
0%
United States 9524 Ivins
0%
Bolivia 28255 Ivirgarzama
0%
Philippines 31278 Ivisan
0%
Madagascar 12000 Ivoamba
0%
Brazil 22983 Ivoti
0%
Italy 22357 Ivrea
0%
Turkey 31512 İvrindi
0%
United Kingdom 11904 Ivybridge
0%
Japan 10675 Iwai
0%
Japan 8549 Iwaizumi
0%
Japan 11868 Iwaka
0%
Japan 127512 Iwakuni
0%
Japan 47975 Iwakura
0%
Japan 9865 Iwamuro-onsen
0%
Japan 44340 Iwanuma
0%
Japan 9963 Iwashita
0%
Japan 12078 Iwate
0%
Mexico 13591 Ixcatepec
0%
Guatemala 24926 Ixchiguán
0%
Mexico 24896 Ixhuatlancillo
0%
Mexico 15800 Ixhuatlán del Sureste
0%
Mexico 54132 Ixhuatlán de Madero
0%
Mexico 98654 Ixmiquilpan
0%
Mexico 68823 Ixtaczoquitlán
0%
Guatemala 56511 Ixtahuacán
0%
Mexico 33541 Ixtapan de la Sal
0%
Mexico 8992 Ixtapa Zihuatanejo
0%
Mexico 153184 Ixtlahuaca
0%
Mexico 67969 Ixtlahuacán de los Membrillos
0%
Mexico 19070 Ixtlahuacán del Río
0%
Morocco 13832 Iygli
0%
El Salvador 82332 Izalco
0%
Mexico 16195 Izamal
0%
Syria 31534 I‘zāz
0%
Belgium 28845 Izegem
0%
Ukraine 15996 Iziaslav
0%
Ukraine 44979 Izium
0%
Oman 35173 Izkī
0%
Ukraine 69932 Izmail
0%
Turkey 44236 İznik
0%
Russia 38177 Izobil’nyy
0%
Slovenia 11682 Izola
0%
Syria 19158 Izra‘
0%
Guatemala 20401 Iztapa
0%
Mexico 69413 Izúcar de Matamoros
0%
Japan 74175 Izumiōtsu
0%
Japan 184299 Izuo
0%
No matching quizzes found
Score Distribution
Percent of People with Each Score
Percentile by Number Answered
Your Score History
You have not taken this quiz